000 00425nam a2200145Ia 4500
008 220217s9999||||xx |||||||||||||| ||und||
020 _a81-7808-375-2
082 _a005.73 OZS
100 _aOzsu, Tamer, M Valduriez, Patrick
_93641
245 0 _aPrinciples of distributed database systems
250 _a2nd
260 _aPearson education asia
_bDelhi
_c2001
300 _b350
650 _aDATA FILES & DATABASE
_9695
999 _c172330
_d172330